000 01409nam0a22002531 4500
001 rc\1026202
005 20041129102806.8
035 _a(NLR Aleph) 006190362
090 _a6159822
_c6159822
100 _a20041129d1981 u |0rusy50 ca
101 0 _arus
102 _aRU
105 _ay |||||||||
200 1 _aРоль этикета, нравственного стиля поведения людей в дальнейшем упрочении советского образа жизни
_eМетод. рекомендации в помощь пропагандистам и слушателям системы полит. образования
_fДом полит. просвещения Витеб. обкома КП Белоруссии. Каф. философии и науч. коммунизма Витеб. гос. пед. ин-та имени С.М. Кирова
_g[Подгот.: к. филос. н. Болотов С.А. и преп. Пушкин В.И.]
210 _aВитебск
_cБ. и.
_d1981
215 _a32 с.
_d20
320 _aБиблиогр.: с. 30-31
702 1 _aБолотов
_bС. А.
_gСергей Александрович
_4570
712 0 2 _aВитебский обл. дом политического просвещения
_3RU\NLR\AUTH\889939063
801 0 _aRU
_bNLR
_gpsbo
801 1 _aRU
_bELAR
_2rusmarc
852 _aNLR
_j81-4/27042
942 _cBOOK
980 _aNB